00213nam a2200085Ia 450000100070000000500170000700800410002424500400006526000220010571009720250826162742.0250824s9999 xx 000 0 und d 0aOLİVER TWİSTcCHARLES DİCKENS bYAKAMOZ YAYINLARI